000 00793nam a22002657a 4500
001 00724
003 DO-SdBPM
005 20241129102100.0
007 00724
008 160706b 2009 mx ||| 00| 0 spa d
020 _a9789707707979
040 _aDO-SdBPM
_bspa
_cBPMSU
082 4 _aM863.6
_bM971p 2009
_222
100 1 _aMuñoz Ledo, Norma
_d1967-
245 1 0 _aPolvo de estrellas /
_cNorma Muñoz Ledo ; ilustración Patricia Ramírez
260 _aMéxico :
_bSantillana Ediciones Generales,
_c2009
_g
300 _a292 p. ;
_c20 cm.
490 0 _aAlfaguara juvenil
590 _aInventariado, 2024/VM
650 4 _aNovela mexicana
650 4 _aLiteratura mexicana
700 1 _aRamírez, Patricia,
_eilustraciones
910 _aVMateo V. Control de calidad. BPMSU
942 _2ddc
_cBK
999 _c10724
_d10724